Useful trees and shrubs for Tanzania : identification, propagation, and management for agricultural and pastoral communities / (Record no. 78603)

MARC details
000 -LEADER
fixed length control field 01490nam a2200277 a 4500
008 - FIXED-LENGTH DATA ELEMENTS--GENERAL INFORMATION
fixed length control field 120416s1994 ||||||||||||||||| || u
020 ## - INTERNATIONAL STANDARD BOOK NUMBER
International Standard Book Number 9966896163
050 ## - LIBRARY OF CONGRESS CALL NUMBER
Classification number QK 475 Use
100 ## - MAIN ENTRY--PERSONAL NAME
Personal name Mbuya, L. P
245 10 - TITLE STATEMENT
Title Useful trees and shrubs for Tanzania : identification, propagation, and management for agricultural and pastoral communities /
260 ## - PUBLICATION, DISTRIBUTION, ETC.
Place of publication, distribution, etc. Nairobi
Name of publisher, distributor, etc. Regional Soil Conservation Unit, Swedish International Development Authority
Date of publication, distribution, etc. 1994
300 ## - PHYSICAL DESCRIPTION
Extent xx, 542p. : ill.
350 ## -
-- 0.00
490 ## -
-- Technical handbook
490 ## -
-- no. 6 ;Technical handbook (Nairobi, Kenya) ; no. 6.
500 ## - GENERAL NOTE
General note 'The book is also partly based on A selection of useful trees and shrubs for Kenya ...'--P. vii. -Includes bibliographical references (p. 539).
650 ## - SUBJECT ADDED ENTRY--TOPICAL TERM
Topical term or geographic name entry element Multipurpose trees--Tanzania--Handbooks, manuals, etc
650 ## - SUBJECT ADDED ENTRY--TOPICAL TERM
Topical term or geographic name entry element Shrubs--Utilization--Tanzania--Handbooks, manuals, etc
650 ## - SUBJECT ADDED ENTRY--TOPICAL TERM
Topical term or geographic name entry element Tree crops--Tanzania--Handbooks, manuals, etc
650 ## - SUBJECT ADDED ENTRY--TOPICAL TERM
Topical term or geographic name entry element TREES--UTILIZATION--TANZANIA--HANDBOOKS, MANUALS, ETC
650 ## - SUBJECT ADDED ENTRY--TOPICAL TERM
Topical term or geographic name entry element TREES
650 ## - SUBJECT ADDED ENTRY--TOPICAL TERM
Topical term or geographic name entry element Multipurpose shrubs--Tanzania--Handbooks, manuals, etc
710 ## - ADDED ENTRY--CORPORATE NAME
Corporate name or jurisdiction name as entry element Sweden. Regionala markv�eardsenheten
995 ## -
-- BINDERY (DAMAGED)
-- 0.00
-- 726477
-- CBU-MAIN LIBRARY (Kitwe)
-- 1
-- 2000.00
-- QK 475 Use
-- 1
-- DAMAGED
-- 014654
-- Main Library Open Access Collection
995 ## -
-- BINDERY (DAMAGED)
-- 0.00
-- 726476
-- CBU-MAIN LIBRARY (Kitwe)
-- 2
-- 2000.00
-- QK 475 Use
-- 2
-- DAMAGED
-- 014653
-- Main Library Open Access Collection
999 ## -
-- 78603
-- 78603
Holdings
Withdrawn status Lost status Source of classification or shelving scheme Damaged status Not for loan Permanent Location Current Location Shelving location Date acquired Total Checkouts Full call number Barcode Date last seen Copy number Price effective from Koha item type
          CBU-MAIN LIBRARY, KITWE. CBU-MAIN LIBRARY, KITWE.   05/17/2023   QK 475 Use 014654 05/17/2023 1 05/17/2023 MONOGRAPH
          CBU-MAIN LIBRARY, KITWE. CBU-MAIN LIBRARY, KITWE.   05/17/2023   QK 475 Use 014653 05/17/2023 2 05/17/2023 MONOGRAPH